Skocznie które organizowały PŚ i LGP - Statystyki

Ogólne statystyki
  • Ten quiz został rozwiązany 32 razy
  • Średni wynik to 11 z 19
Statystyki odpowiedzi
Skocznia % Poprawnych
Wisła
92%
Zakopane
88%
Klingenthal
68%
Lahti
68%
Rasnov
68%
Courchevel
64%
Hakuba
60%
Kuopio
60%
Sapporo
60%
Innsbruck
56%
Predazzo
56%
Ałmaty
52%
Bischofshofen
48%
Liberec
48%
Trondheim
48%
Niżny Tagił
44%
Villach
40%
Oberhof
36%
Pragelato
28%
Nie znaleziono quizów pasujących do podanych kryteriów
Rozkład punktacji
Procent ludzi z każdym wynikiem
Percentyl według liczby udzielonych odpowiedzi
Twoja historia wyników
Nie rozwiązałeś tego quizu